00550cam a22002171 4500001001300000003000400013005001700017008004100034010001700075035002000092040001800112042001200130050001600142100003700158245003600195260001200231300004200243500001500285650001500300999001700315sa 67005393 DLC20260227112357.0890529s1966 xx 000 0 tamo  asa 67005393  a(OCoLC)23565992 aDLCcMiUdDLC apremarc00aQB51b.S7792 aSubramania Sastrigal, V.,d1910-10aLīlāvati vāna cāstiram. c[1966?] a6 v. in 1. illus. (part fold)c21 cm. aRomanized. 0aAstronomy. c75169d75169